000 00265nam a2200097Ia 4500
001 642020
005 20250826153518.0
008 250824s9999 xx 000 0 und d
245 0 _aKURTULUŞUN KAHRAMANLARI 20 CASUS MEHMET
_cİSMAİL BİLGİN
260 _bTİMAŞ ÇOCUK
999 _c642020
_d642020